Highly recommended

Enregistré dans:
Détails bibliographiques
Auteur principal: Stott, Trish
Format: Livre
Langue:Undetermined
Publié: Oxford Oxford university press 2004
Sujets:
Tags: Ajouter un tag
Pas de tags, Soyez le premier à ajouter un tag!
Thư viện lưu trữ: Trung tâm Học liệu Trường Đại học Cần Thơ
LEADER 00533nam a2200205Ia 4500
001 CTU_100765
008 210402s9999 xx 000 0 und d
020 |c 82000 
082 |a 428.24 
082 |b S888 
100 |a Stott, Trish 
245 0 |a Highly recommended 
245 0 |c Trish Stott, Rod Revell 
260 |a Oxford 
260 |b Oxford university press 
260 |c 2004 
650 |a English language 
650 |x Study and teaching 
904 |i Vương 
980 |a Trung tâm Học liệu Trường Đại học Cần Thơ